Middle Stage Pokemon - Statistics

General Stats
  • This quiz has been taken 16 times
  • The average score is 75 of 106
Answer Stats
Type Pokemon % Correct
Bug Cascoon
88%
Fire Charmeleon
88%
Fairy Clefairy
88%
Dragon Dragonair
88%
Grass/Poison Gloom
88%
Rock/Ground Graveler
88%
Ghost/Poison Haunter
88%
Grass/Poison Ivysaur
88%
Psychic Kadabra
88%
Bug/Poison Kakuna
88%
Electric Luxio
88%
Fighting Machoke
88%
Fire Magmar
88%
Electric/Steel Magneton
88%
Steel/Psychic Metang
88%
Bug Metapod
88%
Poison Nidorina
88%
Poison Nidorino
88%
Grass/Dark Nuzleaf
88%
Normal/Flying Pidgeotto
88%
Fire/Fighting Pignite
88%
Elecrtic Pikachu
88%
Water Poliwhirl
88%
Water Prinplup
88%
Rock/Ground Pupitar
88%
Ground/Rock Rhydon
88%
Grass/Poison Roselia
88%
Bug Silcoon
88%
Normal/Flying Staravia
88%
Water Wartortle
88%
Grass/Poison Weepinbell
88%
Grass Bayleef
75%
Rock Boldore
75%
Normal Chansey
75%
Water Croconaw
75%
Electric Electabuzz
75%
Electric Flaaffy
75%
Water Frogadier
75%
Dragon/Ground Gabite
75%
Poison/Flying Golbat
75%
Grass Grotle
75%
Grass Grovyle
75%
Fighting Gurdurr
75%
Normal Herdier
75%
Normal/Fairy Jigglypuff
75%
Psychic/Fairy Kirlia
75%
Normal Loudred
75%
Water/Ground Marshtomp
75%
Fire/Fighting Monferno
75%
Ice/Ground Piloswine
75%
Normal Porygon2
75%
Fire Quilava
75%
Water Seadra
75%
Dragon Shelgon
75%
Normal Vigoroth
75%
Fire Braixen
63%
Water Brionne
63%
Rock/Fire Carkol
63%
Bug/Electric Charjabug
63%
Fire/Fighting Combusken
63%
Psychic Cosmoem
63%
Grass/Flying Dartrix
63%
Water Dewott
63%
Steel/Ghost Doublade
63%
Water Drizzile
63%
Psychic Duosion
63%
Ghost Dusclops
63%
Electric Eelektrik
63%
Fire/Flying Fletchinder
63%
Fairy Floette
63%
Dragon Fraxure
63%
Psychic Gothorita
63%
Steel Klang
63%
Steel/Rock Lairon
63%
Ghost/Fire Lampent
63%
Water/Grass Lombre
63%
Water/Ground Palpitoad
63%
Grass Quilladin
63%
Fire Raboot
63%
Ice/Water Sealeo
63%
Grass Servine
63%
Grass/Flying Skiploom
63%
Bug Spewpa
63%
Bug/Grass Swadloon
63%
Grass Thwackey
63%
Fairy/Flying Togetic
63%
Fire Torracat
63%
Normal/Flying Tranquill
63%
Normal/Flying Trumbeak
63%
Normal Ursaring
63%
Ground/Dragon Vibrava
63%
Bug/Poison Whirlipede
63%
Dark/Dragon Zweilous
63%
Dragon/Ghost Drakloak
50%
Dragon/Fighting Hakamo-o
50%
Psychic Hattrem
50%
Ground/Dark Krokorok
50%
Water/Fairy Marill
50%
Dark/Fairy Morgrem
50%
Dragon Sliggoo
50%
Grass Steenee
50%
Ice Vanillish
50%
Flying Corvisquire
38%
Bug/Psychic Dottler
38%
Dark/Normal Galarian Linoone
38%
Ice/Psychic Galarian Mr. Mime
38%
No matching quizzes found
Score Distribution
Percent of People with Each Score
Percentile by Number Answered
Your Score History
You have not taken this quiz